SEARS'S ANATOMY & PHYSIOLOGY FOR NURSES (Record no. 2406)
[ view plain ]
| 000 -LEADER | |
|---|---|
| fixed length control field | 00345nam a2200145Ia 4500 |
| 008 - FIXED-LENGTH DATA ELEMENTS--GENERAL INFORMATION | |
| fixed length control field | 150201s1985 xx 000 0 und d |
| 082 ## - DEWEY DECIMAL CLASSIFICATION NUMBER | |
| Classification number | 611 |
| Item number | S85W |
| 100 ## - MAIN ENTRY--PERSONAL NAME | |
| Personal name | WINWOOD, R.S. |
| 245 ## - TITLE STATEMENT | |
| Title | SEARS'S ANATOMY & PHYSIOLOGY FOR NURSES |
| 250 ## - EDITION STATEMENT | |
| Edition statement | 6TH |
| 260 ## - PUBLICATION, DISTRIBUTION, ETC. (IMPRINT) | |
| Name of publisher, distributor, etc. | JAYPEE |
| Place of publication, distribution, etc. | DELHI |
| Date of publication, distribution, etc. | 1985 |
| 300 ## - PHYSICAL DESCRIPTION | |
| Extent | 311 |
| 650 ## - SUBJECT ADDED ENTRY--TOPICAL TERM | |
| Topical term or geographic name as entry element | ANATOMY |
| 942 ## - ADDED ENTRY ELEMENTS (KOHA) | |
| Source of classification or shelving scheme | Dewey Decimal Classification |
| Koha item type | Books |
| Koha issues (borrowed), all copies | 5 |
| Withdrawn status | Lost status | Source of classification or shelving scheme | Damaged status | Not for loan | Collection code | Home library | Current library | Shelving location | Date acquired | Source of acquisition | Cost, normal purchase price | SGTU | Bill Number | Total Checkouts | Full call number | Barcode | Date last seen | Date last checked out | Bill Date | Koha item type |
|---|---|---|---|---|---|---|---|---|---|---|---|---|---|---|---|---|---|---|---|---|
| Dewey Decimal Classification | NURSING | SGT Medical Library | SGT Medical Library | Text Book | 06/09/2014 | ABC DELHI | 450.00 | SGTU | 4671 | 3 | 611 S85W | FN2116 | 09/02/2024 | 27/01/2024 | 06/09/2014 | Books | ||||
| Dewey Decimal Classification | NURSING | SGT Medical Library | SGT Medical Library | Text Book | 06/09/2014 | ABC DELHI | 450.00 | SGTU | 4671 | 3 | 611 S85W | FN2117 | 13/12/2022 | 10/12/2022 | 06/09/2014 | Books | ||||
| Dewey Decimal Classification | NURSING | SGT Medical Library | SGT Medical Library | Text Book | 06/09/2014 | ABC DELHI | 450.00 | SGTU | 4671 | 1 | 611 S85W | FN2118 | 26/12/2022 | 17/12/2022 | 06/09/2014 | Books | ||||
| Dewey Decimal Classification | NURSING | SGT Medical Library | SGT Medical Library | Text Book | 06/09/2014 | ABC DELHI | 450.00 | SGTU | 4671 | 1 | 611 S85W | FN2119 | 09/05/2019 | 08/05/2019 | 06/09/2014 | Books | ||||
| Dewey Decimal Classification | NURSING | SGT Medical Library | SGT Medical Library | Text Book | 06/09/2014 | ABC DELHI | 450.00 | SGTU | 4671 | 1 | 611 S85W | FN2120 | 17/10/2022 | 03/10/2022 | 06/09/2014 | Books |